| 000 | 01109cam a22003375i 4500 | ||
|---|---|---|---|
| 999 |
_c10246 _d10246 |
||
| 001 | 13432784 | ||
| 003 | EG-ScBUE | ||
| 005 | 20200831121156.0 | ||
| 008 | 031212t20052005njua f 001 0 eng d | ||
| 020 | _a0131125354 | ||
| 020 | _a9780131125353 | ||
| 040 |
_aDLC _beng _erda _cDLC _dDLC _dEG-ScBUE _dEG-ScBUE |
||
| 082 | 0 | 4 |
_a658.23 _bMEY _222 |
| 100 | 1 |
_aMeyers, Fred E., _eauthor. _927404 |
|
| 245 | 1 | 0 |
_aManufacturing facilities design and material handling / _cFred E. Meyers, Matthew P. Stephens. |
| 250 | _aThird edition. | ||
| 264 | 1 |
_aNew Jersey : _bPearson Prentice Hall, _c 2005. |
|
| 300 |
_axvi, 509 pages : _billustrations ; _c24 cm |
||
| 336 |
_atext _btxt _2rdacontent |
||
| 337 |
_aunmediated _bn _2rdamedia |
||
| 338 |
_avolume _bnc _2rdacarrier |
||
| 500 | _aIncludes indexes. | ||
| 590 | _ayassmeen ashraf | ||
| 650 | 7 |
_aPlant layout. _2BUEsh _927405 |
|
| 650 | 7 |
_aMaterials handling. _2BUEsh _927406 |
|
| 650 | 7 |
_aProduction engineering. _2BUEsh |
|
| 651 | _2BUEsh | ||
| 653 |
_bENGGEN _cAugust2015 _cAugust2020 |
||
| 700 | 1 |
_aStephens, Matthew P., _eauthor. _927408 |
|
| 942 |
_2ddc _cBB |
||